Manual de psicología para la enseñanza / (Registro nro. 67004)
[ vista simple ]
| 000 -LEADER | |
|---|---|
| fixed length control field | 01214cam a2200313 i 4500 |
| 001 - CONTROL NUMBER | |
| control field | 67004 |
| 005 - DATE AND TIME OF LATEST TRANSACTION | |
| control field | 20191007081345.0 |
| 008 - FIXED-LENGTH DATA ELEMENTS--GENERAL INFORMATION | |
| fixed length control field | 170324s2005 mx a r 000 0 spa d |
| 020 ## - INTERNATIONAL STANDARD BOOK NUMBER | |
| International Standard Book Number | 9682325927 |
| 040 ## - CATALOGING SOURCE | |
| Original cataloging agency | MX-PuUPA |
| Language of cataloging | spa |
| Description conventions | rda |
| Transcribing agency | Mx-PuUPA |
| Modifying agency | Mx-PuUPA |
| 041 ## - LANGUAGE CODE | |
| Language code of text/sound track or separate title | spa |
| Language code of original | fre |
| 082 0# - DEWEY DECIMAL CLASSIFICATION NUMBER | |
| Classification number | 370.152 |
| Item number | MAN |
| 130 1# - MAIN ENTRY--UNIFORM TITLE | |
| Uniform title | Manuel de psychologie pour lenseignement. |
| Language of a work | Español |
| 245 10 - TITLE STATEMENT | |
| Title | Manual de psicología para la enseñanza / |
| Statement of responsibility, etc. | Daniel Gaonach y Caroline Golder, coordinadores ; traducción de Guadalupe Benítez y Glenn Gallardo. |
| 250 ## - EDITION STATEMENT | |
| Edition statement | Primera edición |
| 264 #1 - PRODUCTION, PUBLICATION, DISTRIBUTION, MANUFACTURE, AND COPYRIGHT NOTICE | |
| Place of production, publication, distribution, manufacture | México, D.F. : |
| Name of producer, publisher, distributor, manufacturer | Siglo xxi editores, |
| Date of production, publication, distribution, manufacture, or copyright notice | 2005 |
| 300 ## - PHYSICAL DESCRIPTION | |
| Extent | 622 páginas : |
| Other physical details | ilustraciones ; |
| Dimensions | 27 cm. |
| 336 ## - CONTENT TYPE | |
| Content type term | texto |
| Source | rdaconten |
| 337 ## - MEDIA TYPE | |
| Media type term | sin medio |
| Source | rdamedia |
| 338 ## - CARRIER TYPE | |
| Carrier type term | volumen |
| Source | rdacarrier |
| 490 0# - SERIES STATEMENT | |
| Series statement | Educación Profesión Profesor |
| 650 #0 - SUBJECT ADDED ENTRY--TOPICAL TERM | |
| Topical term or geographic name entry element | Aprendizaje |
| General subdivision | Psicología |
| Form subdivision | Manuales, etc. |
| 700 1# - ADDED ENTRY--PERSONAL NAME | |
| Personal name | Gaonach, Daniel, |
| Relator term | coordinador |
| 700 1# - ADDED ENTRY--PERSONAL NAME | |
| Personal name | Golder, Caroline, |
| Relator term | coordinador |
| 700 1# - ADDED ENTRY--PERSONAL NAME | |
| Personal name | Benítez, Guadalupe, |
| Relator term | traductor |
| 700 1# - ADDED ENTRY--PERSONAL NAME | |
| Personal name | Gallardo, Glenn, |
| Relator term | traductor |
| 700 1# - ADDED ENTRY--PERSONAL NAME | |
| Relationship information | Traducción de: |
| Personal name | Gaonach, Daniel. |
| Title of a work | Manuel de psychologie pour lenseignement. |
| 942 ## - ADDED ENTRY ELEMENTS (KOHA) | |
| Classification part | 370.152 |
| Item part | MAN |
| Koha item type | Libro |
| Withdrawn status | Lost status | Source of classification or shelving scheme | Damaged status | Not for loan | Collection code | Home library | Current library | Shelving location | Date acquired | Source of acquisition | Total Checkouts | Full call number | Barcode | Date last seen | Price effective from | Koha item type | Inventory number | Total Renewals | Date last checked out |
|---|---|---|---|---|---|---|---|---|---|---|---|---|---|---|---|---|---|---|---|
| Dewey Decimal Classification | General | Biblioteca Karol Wojtyla | Biblioteca Karol Wojtyla | Sala general | 04/04/2018 | Compra | 4 | 370.152 MAN 2005 | 98269 | 25/04/2026 | 04/04/2018 | Libro | 151000000000000000043707 | 3 | 11/04/2026 | ||||
| Dewey Decimal Classification | Consulta en sala | General | Tehuacán | Tehuacán | Sala general | 24/03/2017 | Compra | 150 GAO 2005 | 510576 | 24/04/2025 | 24/03/2017 | Reserva permanente |